Learning to teach art & design in the secondary school : (Record no. 33960)

MARC details
000 -CABECERA
campo de control de longitud fija 00674nam a2200217 a 4500
003 - IDENTIFICADOR DEL NÚMERO DE CONTROL
campo de control UPN
005 - FECHA Y HORA DE LA ÚLTIMA TRANSACCIÓN
campo de control 20220725113453.0
008 - ELEMENTOS DE LONGITUD FIJA--INFORMACIÓN GENERAL
campo de control de longitud fija 991125s2000 enk 000 0 eng u
020 ## - NÚMERO INTERNACIONAL NORMALIZADO PARA LIBROS
Número Internacional Estándar del Libro 0415168813
035 ## - NÚMERO DE CONTROL DEL SISTEMA
Número de control de sistema UPN01000033960
040 ## - FUENTE DE LA CATALOGACIÓN
Centro catalogador/agencia de origen UPN
Lengua de catalogación spa
Centro/agencia transcriptor UPN
049 ## - COLECCIÓN
Colección CG
050 #4 - SIGNATURA TOPOGRÁFICA DE LA BIBLIOTECA DEL CONGRESO
Número de clasificación N350
-- L4.2
245 10 - MENCIÓN DE TÍTULO
Título Learning to teach art & design in the secondary school :
Resto del título a companion to school experience /
Mención de responsabilidad, etc. ed. by Nicholas Addison.
260 ## - PUBLICACIÓN, DISTRIBUCIÓN, ETC.
Lugar de publicación, distribución, etc. London :
Nombre del editor, distribuidor, etc. Routledge Falmer,
Fecha de publicación, distribución, etc. 2000.
300 ## - DESCRIPCIÓN FÍSICA
Extensión 360 p.
440 #0 - MENCIÓN DE SERIE/ASIENTO SECUNDARIO--TÍTULO
Título Learning to teach subjects in the secondary school
650 #4 - ASIENTO SECUNDARIO DE MATERIA - TERMINO TEMATICO
Término de materia o nombre geográfico como elemento de entrada Arte
Subdivisión general Estudio y enseñanza (Secundaria)
9 (RLIN) 2645
905 ## - TIPO DE MATERIAL
Tipo de material Libro
942 ## - ELEMENTOS DE PUNTO DE ACCESO ADICIONAL (KOHA)
Fuente del sistema de clasificación o colocación Library of Congress Classification
Tipo de ítem Koha Libro
Holdings
Estado de retiro Estado de pérdida Fuente del sistema de clasificación o colocación Estado dañado No para préstamo Código de colección Localización permanente Ubicación/localización actual Ubicación en estantería Fecha de adquisición Enumeración/cronología de publicación seriada Total de préstamos Clasificación Código de barras Fecha visto por última vez Número de copia Tipo de ítem Koha
    Library of Congress Classification     Colección General Bib. Gregorio Torres Quintero Bib. Gregorio Torres Quintero Planta baja 03/08/2023 - 3 N350 L4.2 165136 31/12/2020 1 Libro